MARC details
| 000 -CABECERA |
| campo de control de longitud fija |
02443nam a2200349 i 4500 |
| 003 - IDENTIFICADOR DEL NÚMERO DE CONTROL |
| campo de control |
DO-SdBNP |
| 005 - FECHA Y HORA DE LA ÚLTIMA TRANSACCIÓN |
| campo de control |
20231114070035.0 |
| 007 - CAMPO FIJO DE DESCRIPCIÓN FÍSICA--INFORMACIÓN GENERAL |
| campo de control de longitud fija |
ta |
| 008 - DATOS DE LONGITUD FIJA--INFORMACIÓN GENERAL |
| campo de control de longitud fija |
150209s2008 dr acb d 000 0 spa d |
| 020 ## - NÚMERO INTERNACIONAL ESTÁNDAR DEL LIBRO |
| Número Internacional Estándar del Libro |
9945170120 |
| 040 ## - FUENTE DE LA CATALOGACIÓN |
| Centro catalogador/agencia de origen |
DO-SdBNP |
| Lengua de catalogación |
spa |
| Centro/agencia transcriptor |
BNPHU |
| Normas de descripción |
rda |
| 082 ## - NÚMERO DE LA CLASIFICACIÓN DECIMAL DEWEY |
| Número de edición |
22 |
| Número de documento/Ítem |
H116 |
| 245 00 - MENCIÓN DE TÍTULO |
| Título |
Hablamos de Dios. : |
| Resto del título |
4to. de educación media / |
| Mención de responsabilidad, etc. |
ilustraciones Sofia Balzola, Alfonso Ruano, César Escolar, Olga Pérez : mapas y grafícos Jacinto Rodríguez |
| 264 #1 - PRODUCCIÓN, PUBLICACIÓN, DISTRIBUCIÓN, FABRICACIÓN Y COPYRIGHT |
| Producción, publicación, distribución, fabricación y copyright |
Santo Domingo : |
| Nombre del de productor, editor, distribuidor, fabricante |
SM, |
| Fecha de producción, publicación, distribución, fabricación o copyright |
2008. |
| 300 ## - DESCRIPCIÓN FÍSICA |
| Extensión |
127 páginas |
| Otras características físicas |
ilustraciones, retratos, mapas |
| Dimensiones |
28 cm. |
| 336 ## - TIPO DE CONTENIDO |
| Fuente |
rdacontent |
| Término de tipo de contenido |
texto |
| Código de tipo de contenido |
txt |
| 337 ## - TIPO DE MEDIO |
| Fuente |
rdamedia |
| Nombre/término del tipo de medio |
sin mediación |
| Código del tipo de medio |
n |
| 338 ## - TIPO DE SOPORTE |
| Fuente |
rdacarrier |
| Nombre/término del tipo de soporte |
volumen |
| Código del tipo de soporte |
nc |
| 490 1# - MENCIÓN DE SERIE |
| Mención de serie |
Educación en valores |
| 500 ## - NOTA GENERAL |
| Nota general |
Educación media. |
| 500 ## - NOTA GENERAL |
| Nota general |
Formación integral humana y religiosa. |
| 505 ## - NOTA DE CONTENIDO CON FORMATO |
| Información miscelánea |
Unidad 1: Decidir para encontrar la felicidad : |
| Título |
¿Cómo decidimos? -- |
| -- |
Los valores y la felicidad -- |
| -- |
Las normas y las leyes. La conciencia -- |
| -- |
Valores fundamentales de la moral cristiana -- |
| Información miscelánea |
Unidad 2: Responsables ante la vida : |
| Título |
Un proyecto de vida -- |
| -- |
Afectividad y sexualidad -- |
| -- |
Visión cristiana sobre la vida humana -- |
| -- |
algunos problemas de la defensa de la vida -- |
| Información miscelánea |
Unidad 3: El matrimonio, opción de vida cristiana : |
| Título |
Decidir responsablemente -- |
| -- |
El matrimonio -- |
| -- |
La familia -- |
| Información miscelánea |
Unidad 4: La sociedad en que vivimos : |
| Título |
El sistema económico capitalista -- |
| -- |
La ciencia y la técnica -- |
| -- |
La mentalidad actual -- |
| -- |
Cómo vivir la fe en esta sociedad -- |
| Información miscelánea |
Unidad 5: Responsables ante la sociedad : |
| Título |
Problemas de la sociedad actual -- |
| -- |
La respuesta de la religiones -- |
| -- |
Ver, juzgar, actuar -- |
| Información miscelánea |
Unidad 6: La novedad de Jesús : |
| Título |
Una promesa que genera esperanza -- |
| -- |
María y Jesús -- |
| -- |
Los comienzos -- |
| -- |
El primer anuncio -- |
| Información miscelánea |
Unidad 7: Jesús vida y mensaje : |
| Título |
No actúa como los demás -- |
| -- |
No habla como los demás -- |
| -- |
Muere para vivir -- |
| -- |
Sigue presente -- |
| Información miscelánea |
Unidad 8: La vida cristiana : |
| Título |
Vivir desde la profundidad -- |
| -- |
Vivir en comunidad -- |
| -- |
Vivir en el mundo -- |
| -- |
Anexo: La biblia, un libro sagrado / |
| 521 ## - NOTA DE PÚBLICO DESTINATARIO |
| Nota de público destinatario |
Estudiantes de secundaria. |
| 590 ## - NOTA LOCAL (RLIN) |
| Nota local |
Inventariado, 2023/ YL |
| 700 1# - PUNTO DE ACCESO ADICIONAL--NOMBRE DE PERSONA |
| Nombre de persona |
Balzola, Sofía |
| Término indicativo de función/relación |
ilustraciones |
| 9 (RLIN) |
84632 |
| 700 1# - PUNTO DE ACCESO ADICIONAL--NOMBRE DE PERSONA |
| Nombre de persona |
Ruano, Alfonso |
| Término indicativo de función/relación |
ilustraciones |
| 9 (RLIN) |
23117 |
| 700 1# - PUNTO DE ACCESO ADICIONAL--NOMBRE DE PERSONA |
| Nombre de persona |
Escolar, César |
| Término indicativo de función/relación |
ilustraciones |
| 9 (RLIN) |
84634 |
| 700 1# - PUNTO DE ACCESO ADICIONAL--NOMBRE DE PERSONA |
| Nombre de persona |
Pérez, Olga |
| Término indicativo de función/relación |
ilustraciones |
| 9 (RLIN) |
56467 |
| 700 1# - PUNTO DE ACCESO ADICIONAL--NOMBRE DE PERSONA |
| Nombre de persona |
Rodríguez, Jacinto |
| Término indicativo de función/relación |
mapas y gráficos |
| 9 (RLIN) |
84635 |
| 910 ## - DATOS DE OPCIÓN DEL USUARIO (OCLC) |
| Datos de opción del usuario |
YLockward |
| 942 ## - ELEMENTOS DE PUNTO DE ACCESO ADICIONAL (KOHA) |
| Fuente del sistema de clasificación o colocación |
Dewey Decimal Classification |
| Tipo de ítem Koha |
Libro |